00806nam a2200205 i 4500001000700000003000900007005001700016007000300033008004100036100003100077245009100108250009000199260006000289300003400349650003300383700002500416852002000441999001900461952012000480101249ES-MaACL20230906182845.0t|051017s1933 sp ||||1| spa d1 aMay, Charles Henry.97932010aManual de las enfermedades de los ojos para estudiantes / cpor el Dr. Charles H. May. a9ª ed. española btraducción de la 13ª ed. americana por el prof. C. E. Finlay. aBarcelona : b[s.n.], c1933 (fImp. Hispano-Americana) aIX, 509 p. : bil. ; c21 cm. 4aOjos-xEnfermedades.91394341 aFinlay, C. E.950911 aES-MaACLjE-484 c101249d101249 00104070aATENEOMbATENEOMcDEPO2d2008-01-17eSCl0oE-484p1105707r2023-02-23 00:00:00w2023-02-23yMONOGRAFIA